00485nam a2200169Ia 4500003000400000008004100004040001600045082001500061100002700076245007500103700002500178260004900203300001000252650000900262650001700271650002700288GCL140319s9999 xx 000 0 eng d aGCL / cGCL04a728.8bL V1 aLYONNET, JEAN - PIERRE10aVILLAS MODERNSE: BANLIEUE OUEST 1900 - 1939 / cLYONNET, JEAN - PIERRE1 aDESMOULIN, CHRISTINE a[S.N] : bEDITIONS A. ET J. PICARD ، c1997 a128 P04aARTS04aARCHITECTURE04aARCHITECTURE, DOMESTIC